Normal view
MARC view
Entry Personal Name
001 - CONTROL NUMBER
- control field: 875836
003 - CONTROL NUMBER IDENTIFIER
- control field: OSt
005 - DATE AND TIME OF LATEST TRANSACTION
- control field: 20260115121745.0
008 - FIXED-LENGTH DATA ELEMENTS
- fixed length control field: 260115|| aca||aabn | a|a d
040 ## - CATALOGING SOURCE
- Original cataloging agency: OSt
- Transcribing agency: OSt
100 ## - HEADING--PERSONAL NAME
- Personal name: BREALEY(RA)
- Dates associated with a name: MYERS(SC)
670 ## - SOURCE DATA FOUND
- Source citation: Work cat.: (OSt)1474561: BREALEY(RA) MYERS(SC), Principles of corporate Finance
